000 00492nam a2200205Ia 4500
003 0100
008 130303s9999 xx 000 0 und d
040 _cARRUPELIB
050 _aBR127.M971987
100 _aHick, John
245 4 _aThe Myth of Christian uniqueness
245 _bTowards a pluralistic theology of religions
260 _aNY
260 _bOrbis
260 _C1992
300 _a227p
650 _bEthics
700 _aed. by J. Hick and Paul F. Knitter
942 0 0 _04
999 _c19677
_d19677